| 000 | 00625nam a22002057a 4500 | ||
|---|---|---|---|
| 003 | MX-MxUPN | ||
| 005 | 20250930113615.0 | ||
| 008 | 250828s1999 fr a|||fr|||| 100 0 eng d | ||
| 040 |
_aMX-MxUPN _bspa _cMX-MxUPN |
||
| 041 | 0 | _aeng | |
| 050 | 1 | 4 |
_aLC1402 _bU54 1999 |
| 111 |
_aUNESCO. Conferencia general _n(30a.: _d1999: _cParis, France) _958037 |
||
| 245 | 1 | 0 | _aWomen as educators |
| 260 |
_aParis, France : _bSEP, _c1999 |
||
| 300 |
_a46 páginas : _bilustraciones |
||
| 650 | 4 |
_aMujeres en la educación _vCongresos _958038 |
|
| 650 | 4 |
_aAnalfabetismo _94901 |
|
| 902 | _aBerenice Martínez/280825 | ||
| 942 |
_2lcc _cLIBRO |
||
| 999 |
_c213902 _d213902 |
||